| 000 | 00809nam a2200229Ia 4500 | ||
|---|---|---|---|
| 003 | GCL | ||
| 008 | 140319s9999 xx 000 0 ara d | ||
| 040 |
_aGCL / _cGCL |
||
| 082 | 0 | 4 |
_a649.03 _bف م |
| 100 | 1 | _aمحمد العجمى | |
| 245 | 1 | 0 |
_aموسوعة الفراشة للعناية بالام والطفل / _cمحمد العجمى |
| 700 | 1 | _aفنوك ، اليزابت | |
| 260 |
_aبيروت : _bمكتبة لبنان ناشرون ، _c1996 |
||
| 300 |
_a256 ص ؛ _c28 سم |
||
| 490 |
_aكتب الفراشة سلسلة الصحة العامة _v0 |
||
| 650 | 0 | 4 | _aالاطفال |
| 650 | 0 | 4 | _aالاطفال - رعاية |
| 650 | 0 | 4 | _aالامومه- رعايه |
| 650 | 0 | 4 | _aالاجهاض - الاجنة |
| 650 | 0 | 4 | _aالتكاثر - الوحم - الولادة |
| 942 |
_2ddc _cBK |
||
| 999 |
_c47877 _d47877 |
||